<?xml version="1.0" encoding="UTF-8"?>
<record
    xmlns:xsi="http://www.w3.org/2001/XMLSchema-instance"
    xsi:schemaLocation="http://www.loc.gov/MARC21/slim http://www.loc.gov/standards/marcxml/schema/MARC21slim.xsd"
    xmlns="http://www.loc.gov/MARC21/slim">

  <leader>00549nam a22001337a 4500</leader>
  <datafield tag="999" ind1=" " ind2=" ">
    <subfield code="c">133340</subfield>
    <subfield code="d">133340</subfield>
  </datafield>
  <controlfield tag="005">20240201113639.0</controlfield>
  <controlfield tag="008">240201b           ||||| |||| 00| 0 eng d</controlfield>
  <datafield tag="040" ind1=" " ind2=" ">
    <subfield code="c">PK-LaUMT</subfield>
  </datafield>
  <datafield tag="082" ind1=" " ind2=" ">
    <subfield code="a">APC 297.4092</subfield>
    <subfield code="b">MOK-</subfield>
  </datafield>
  <datafield tag="245" ind1=" " ind2=" ">
    <subfield code="a">Mokalmaat =  &#x645;&#x6A9;&#x627;&#x644;&#x645;&#x627;&#x62A; : &#x633;&#x644;&#x637;&#x627;&#x646; &#x627;&#x644;&#x62D;&#x642;&#x6CC;&#x642;&#x62A; &#x634;&#x6CC;&#x62E; &#x627;&#x644;&#x627;&#x645;&#x62A;&#x60C; &#x642;&#x637;&#x628; &#x639;&#x627;&#x644;&#x645; &#x62D;&#x636;&#x631;&#x62A; &#x641;&#x636;&#x644; &#x634;&#x627;&#x6C1; &#x635;&#x627;&#x62D;&#x628; &#x631;&#x62D;&#x645;&#x6C3; &#x627;&#x644;&#x644;&#x6C1; &#x639;&#x644;&#x6CC;&#x6C1; /</subfield>
    <subfield code="c">complied by Allama Arshad, Nazr ul Islam and Abu Muslim Sahafi = &#x645;&#x631;&#x62A;&#x628;&#x6C1; &#x639;&#x644;&#x627;&#x645;&#x6C1; &#x627;&#x631;&#x634;&#x62F;</subfield>
  </datafield>
  <datafield tag="260" ind1=" " ind2=" ">
    <subfield code="a">Lahore :</subfield>
    <subfield code="b">Adbastan,</subfield>
    <subfield code="c">1998</subfield>
  </datafield>
  <datafield tag="300" ind1=" " ind2=" ">
    <subfield code="a">152 p.</subfield>
  </datafield>
  <datafield tag="942" ind1=" " ind2=" ">
    <subfield code="c">BK</subfield>
  </datafield>
  <datafield tag="952" ind1=" " ind2=" ">
    <subfield code="0">0</subfield>
    <subfield code="1">0</subfield>
    <subfield code="4">0</subfield>
    <subfield code="7">0</subfield>
    <subfield code="a">01</subfield>
    <subfield code="b">01</subfield>
    <subfield code="d">2024-02-01</subfield>
    <subfield code="l">0</subfield>
    <subfield code="o">APC 297.4092 MOK-</subfield>
    <subfield code="p">146882</subfield>
    <subfield code="r">2024-02-01 00:00:00</subfield>
    <subfield code="w">2024-02-01</subfield>
    <subfield code="y">BK</subfield>
  </datafield>
</record>
